000 006740000a22002290004500
003 LK-CoMWRAF
005 20230830151324.0
008 230817t2004 ||||| |||| 00| 0 eng d
020 _a9558027057
040 _aLK-CoMWRAF
_dLK-CoMWRAF
_eLK-CoMWRAF
041 _aeng
082 _a323.34
_bGOM
100 _aGomez, Mario
245 _aStriking a Balance;
_busing International Human Rights to Achieve Gender Equality
260 _aColombo:
_bCanadian International Development Agency,
_c2004
300 _a192 p.; 21 c.m.
650 _a HUMAN RIGHTS-GENDER EQUALITY
650 _aEQUAL RIGHTS
650 _aWomen's rights
700 _aGomez, Shyamala
942 _cBK
999 _c324
_d324